[Event "Tarragona-chB"]
[Site "Tarragona"]
[Date "2017.11.05"]
[Round "6"]
[White "Sendra Mazuela, Oscar"]
[Black "Luna Varo, Daniel"]
[Result "1-0"]
[WhiteElo "1590"]
[BlackElo "1536"]
[PlyCount "67"]
[EventDate "2017.10.08"]
[EventType "swiss"]
[EventRounds "9"]
[EventCountry "ESP"]
[SourceTitle "CBM 181 Extra"]
[Source "ChessBase"]
[SourceDate "2017.12.12"]
[SourceVersion "1"]
[SourceVersionDate "2017.12.12"]
[SourceQuality "1"]

1. d4 d5 2. Bf4 Nf6 3. Nf3 e6 4. e3 c5 5. c3 Nc6 6. Bd3 Qb6 7. Qc2 Bd7 8. 0-0 c4 9. Be2 Nh5 10. Bg3 Nxg3 11. fxg3 g6 12. Ng5 f5 13. g4 Bh6 14. h4 Bxg5 15. hxg5 h6 16. gxf5 exf5 17. gxh6 Rxh6 18. Bf3 Ne7 19. Qf2 Qc7 20. g3 0-0-0 21. Bg2 Rdh8 22. Qf4 Qd8 23. Nd2 Rh5 24. Nf3 g5 25. Qd6 R8h6 26. Qc5+ Rc6 27. Qxa7 Ra6 28. Qc5+ Kb8 29. Ne5 b6 30. Qd6+ Ka7 31. Qxd7+ Qxd7 32. Nxd7 b5 33. Nc5 Rg6 34. a4 1-0

[Event "Tarragona Province-chB"]
[Site "L'Hospitalet Infant"]
[Date "2016.10.23"]
[Round "4"]
[White "Sendra Mazuela, Oscar"]
[Black "Gracia Train, Carles"]
[Result "1/2-1/2"]
[WhiteElo "1606"]
[BlackElo "1676"]
[PlyCount "64"]
[EventDate "2016.10.02"]
[EventType "swiss"]
[EventRounds "9"]
[EventCountry "ESP"]
[SourceTitle "EXT 2018"]
[Source "ChessBase"]
[SourceDate "2017.10.13"]
[SourceVersion "1"]
[SourceVersionDate "2017.10.13"]
[SourceQuality "1"]

1. d4 Nf6 2. Nf3 d5 3. Bf4 c5 4. c3 Nc6 5. e3 Qb6 6. Qb3 c4 7. Qxb6 axb6 8. Nbd2 e6 9. Be2 Be7 10. 0-0 0-0 11. h3 Bd7 12. Bd1 b5 13. Bc2 b4 14. e4 dxe4 15. Nxe4 Nd5 16. Bd6 Bxd6 17. Nxd6 bxc3 18. Nxc4 cxb2 19. Nxb2 Nc3 20. Nc4 Ne2+ 21. Kh2 Nexd4 22. Be4 Rad8 23. Nxd4 Nxd4 24. Bxb7 Rb8 25. Be4 Bc6 26. Bxc6 Nxc6 27. Rfd1 Rfd8 28. Rxd8+ Rxd8 29. a4 Ra8 30. a5 Ra6 31. Kg3 Kf8 32. Kf4 f6 1/2-1/2

[Event "Tarragona Province-chB"]
[Site "L'Hospitalet Infant"]
[Date "2016.10.16"]
[Round "3"]
[White "Cabrero Font, David"]
[Black "Sendra Mazuela, Oscar"]
[Result "0-1"]
[WhiteElo "1681"]
[BlackElo "1606"]
[PlyCount "50"]
[EventDate "2016.10.02"]
[EventType "swiss"]
[EventRounds "9"]
[EventCountry "ESP"]
[SourceTitle "EXT 2018"]
[Source "ChessBase"]
[SourceDate "2017.10.13"]
[SourceVersion "1"]
[SourceVersionDate "2017.10.13"]
[SourceQuality "1"]

1. d4 d5 2. Nf3 Nc6 3. Bf4 Bf5 4. a3 e6 5. e3 Bd6 6. Bg3 Nf6 7. Nbd2 0-0 8. c4 b6 9. Be2 Bxg3 10. hxg3 Ne7 11. Ne5 c5 12. Ndf3 Rc8 13. Rc1 dxc4 14. Rxc4 cxd4 15. Rxd4 Qc7 16. g4 Be4 17. g5 Bxf3 18. Nxf3 Nfd5 19. e4 Nf4 20. Rd7 Qc1 21. Rxe7 Rfd8 22. Nd2 Rc2 23. Bf3 Qxd1+ 24. Kxd1 Rdxd2+ 25. Ke1 Nd3+ 0-1